South Eastern Kenya University

Library Online Public Access Catalogue


Educational subsidies and students participation rates in education in public secondary schools in Makueni county, Kenya/ A thesis submitted in partial fulfilment of the requirements for the degree of doctor of philosophy in educational economics and planning of South Eastern Kenya University. (Record no. 18731)

MARC details
000 -LEADER
fixed length control field 00683nam a22001817a 4500
003 - CONTROL NUMBER IDENTIFIER
control field OSt
005 - DATE AND TIME OF LATEST TRANSACTION
control field 20251208070811.0
008 - FIXED-LENGTH DATA ELEMENTS--GENERAL INFORMATION
fixed length control field 251208b |||||||| |||| 00| 0 eng d
040 ## - CATALOGING SOURCE
Original cataloging agency SEKU
100 ## - MAIN ENTRY--PERSONAL NAME
Personal name Musyimi,Charles Mumina
245 ## - TITLE STATEMENT
Title Educational subsidies and students participation rates in education in public secondary schools in Makueni county, Kenya/ A thesis submitted in partial fulfilment of the requirements for the degree of doctor of philosophy in educational economics and planning of South Eastern Kenya University.
260 ## - PUBLICATION, DISTRIBUTION, ETC. (IMPRINT)
Place of publication, distribution, etc. SEKU:
Name of publisher, distributor, etc. SEKU;
Date of publication, distribution, etc. 2025.
300 ## - PHYSICAL DESCRIPTION
Extent 129P,;.
650 ## - SUBJECT ADDED ENTRY--TOPICAL TERM
Topical term or geographic name as entry element Education
650 ## - SUBJECT ADDED ENTRY--TOPICAL TERM
Topical term or geographic name as entry element school
650 ## - SUBJECT ADDED ENTRY--TOPICAL TERM
Topical term or geographic name as entry element finance
942 ## - ADDED ENTRY ELEMENTS (KOHA)
Source of classification or shelving scheme Library of Congress Classification
Koha item type Thesis

No items available.

Kitui, Kenya.
+254736116989
library@seku.ac.ke